[Event "Padova op-A 15th"]
[Site "Padova"]
[Date "2012.12.23"]
[Round "9"]
[White "D'Orta, Antonio"]
[Black "Battagin, Mose"]
[Result "1-0"]
[WhiteElo "1934"]
[BlackElo "1816"]
[PlyCount "67"]
[EventDate "2012.12.16"]
[EventType "swiss"]
[EventRounds "9"]
[EventCountry "ITA"]
[SourceTitle "EXT 2024"]
[Source "ChessBase"]
[SourceDate "2023.10.10"]
[SourceVersion "1"]
[SourceVersionDate "2023.10.10"]
[SourceQuality "1"]

1. e4 d6 2. d4 Nf6 3. Nc3 g6 4. Be3 c6 5. f3 Bg7 6. Bc4 Nbd7 7. Qd2 h5 8. Bb3 b5 9. Nh3 Nb6 10. Bg5 Bxh3 11. gxh3 Nc4 12. Bxc4 bxc4 13. Qe2 0-0 14. Qxc4 d5 15. Qd3 dxe4 16. fxe4 Qb6 17. 0-0-0 Rfe8 18. h4 e5 19. d5 Ng4 20. Qf3 f6 21. h3 Rab8 22. b3 fxg5 23. hxg4 Rf8 24. Qh3 gxh4 25. gxh5 g5 26. Qe6+ Rf7 27. Rhf1 Rbf8 28. h6 Bxh6 29. Rxf7 Rxf7 30. Qxh6 Qe3+ 31. Kb1 c5 32. Rd3 Qf4 33. d6 Qg4 34. Nd5 1-0

[Event "Padova op-A 15th"]
[Site "Padova"]
[Date "2012.12.20"]
[Round "6"]
[White "D'Orta, Antonio"]
[Black "Litrico, Paolo"]
[Result "0-1"]
[WhiteElo "1934"]
[BlackElo "1978"]
[PlyCount "108"]
[EventDate "2012.12.16"]
[EventType "swiss"]
[EventRounds "9"]
[EventCountry "ITA"]
[SourceTitle "EXT 2024"]
[Source "ChessBase"]
[SourceDate "2023.10.10"]
[SourceVersion "1"]
[SourceVersionDate "2023.10.10"]
[SourceQuality "1"]

1. d4 f5 2. Nf3 Nf6 3. Nbd2 g6 4. e3 Bg7 5. Bd3 d5 6. Ne5 Nbd7 7. Ndf3 Ne4 8. c3 e6 9. Qa4 0-0 10. 0-0 c6 11. Nxc6 bxc6 12. Qxc6 Nb6 13. Ne5 Bxe5 14. dxe5 Qd7 15. Bb5 Qxc6 16. Bxc6 Rb8 17. f3 Nc5 18. b3 Bd7 19. Ba3 Rfc8 20. Bxc5 Rxc6 21. Bd4 a5 22. Rad1 Bc8 23. e4 Ba6 24. exd5 Nxd5 25. c4 Ne7 26. Ba7 Ra8 27. Rd7 Kf7 28. Be3 Bc8 29. Rd8 Bb7 30. Rd7 Bc8 31. Rd8 Rc7 32. Rfd1 Nc6 33. R8d6 Nxe5 34. Bd4 Nd7 35. f4 Ke7 36. Bb2 Kf7 37. g3 Ra6 38. R6d2 Ke8 39. Be5 Rb7 40. Bd6 Rc6 41. Ba3 a4 42. Rd3 Ra7 43. Bc1 axb3 44. axb3 Ra1 45. Kg2 Rc7 46. Kh3 Rb1 47. Ba3 Rxd1 48. Rxd1 Nc5 49. b4 Ne4 50. Rc1 Ra7 51. Bb2 Ra2 52. Bd4 Nf2+ 53. Kh4 Nd3 54. b5 Nxc1 0-1

[Event "Milan Crespi op-B 33rd"]
[Site "Milan"]
[Date "2012.12.09"]
[Round "7"]
[White "D'Orta, Antonio"]
[Black "Nardone, Massimo"]
[Result "0-1"]
[WhiteElo "1934"]
[BlackElo "1925"]
[PlyCount "74"]
[EventDate "2012.12.05"]
[EventType "swiss"]
[EventRounds "7"]
[EventCountry "ITA"]
[SourceTitle "EXT 2015"]
[Source "ChessBase"]
[SourceDate "2014.11.20"]
[SourceVersion "1"]
[SourceVersionDate "2014.11.20"]
[SourceQuality "1"]

1. d4 b6 2. c4 Bb7 3. Nc3 e6 4. a3 Nf6 5. Bg5 Be7 6. e3 d6 7. Nf3 Nbd7 8. Bd3 h6 9. Bh4 0-0 10. b4 c5 11. 0-0 Rc8 12. Nd2 e5 13. d5 Nxd5 14. Nxd5 Bxh4 15. Qg4 Bxd5 16. cxd5 Be7 17. Qf5 g6 18. Qh3 Kg7 19. Ne4 Nf6 20. Nxf6 Bxf6 21. Rad1 Rc7 22. f4 exf4 23. Rxf4 Qc8 24. Qf3 Be5 25. Rg4 cxb4 26. Rxb4 Rc1 27. Rb1 Rxb1 28. Bxb1 Bb2 29. a4 Ba3 30. Rf1 Bc5 31. Qf6+ Kg8 32. Qf4 Qe8 33. Rf3 Qe5 34. Qxh6 Re8 35. Kh1 Bxe3 36. Qh3 Bf2 37. g4 Qe1+ 0-1

[Event "Torre delle Stelle op 1st"]
[Site "Sinnai"]
[Date "2011.06.26"]
[Round "7"]
[White "Caprio, Guido"]
[Black "D'Orta, Antonio"]
[Result "1-0"]
[WhiteElo "2305"]
[BlackElo "1922"]
[PlyCount "63"]
[EventDate "2011.06.22"]
[EventType "swiss"]
[EventRounds "7"]
[EventCountry "ITA"]
[SourceTitle "EXT 2023"]
[Source "ChessBase"]
[SourceDate "2022.10.05"]
[SourceVersion "1"]
[SourceVersionDate "2022.10.05"]
[SourceQuality "1"]

1. d4 d5 2. c4 c6 3. Nc3 Nf6 4. e3 e6 5. Nf3 Bd6 6. Qc2 Nbd7 7. b3 b6 8. Bd3 Bb7 9. 0-0 Rc8 10. Bb2 0-0 11. Rad1 Qc7 12. Qb1 Rfe8 13. Rfe1 e5 14. cxd5 Nxd5 15. Bxh7+ Kf8 16. Nxd5 cxd5 17. Bf5 e4 18. Ne5 Nxe5 19. dxe5 Bxe5 20. Bxe5 Rxe5 21. Bxc8 Bxc8 22. Rc1 Qd8 23. Qc2 Ba6 24. Qc7 Qe8 25. Qxa7 Bd3 26. h3 Re7 27. Qxb6 g6 28. Qd4 Re5 29. f4 Rh5 30. Rc7 Kg8 31. Rec1 Kh7 32. Rc8 1-0

[Event "Torre delle Stelle op 1st"]
[Site "Sinnai"]
[Date "2011.06.25"]
[Round "5"]
[White "D'Orta, Antonio"]
[Black "Paulesu, Sebastiano"]
[Result "1/2-1/2"]
[WhiteElo "1922"]
[BlackElo "1926"]
[PlyCount "175"]
[EventDate "2011.06.22"]
[EventType "swiss"]
[EventRounds "7"]
[EventCountry "ITA"]
[SourceTitle "EXT 2023"]
[Source "ChessBase"]
[SourceDate "2022.10.05"]
[SourceVersion "1"]
[SourceVersionDate "2022.10.05"]
[SourceQuality "1"]

1. e4 d5 2. e5 Bf5 3. d4 c5 4. c3 e6 5. Nf3 Nc6 6. Bb5 Qb6 7. Qa4 a6 8. Na3 c4 9. Bxc6+ bxc6 10. 0-0 Bd3 11. Re1 Ne7 12. b3 cxb3 13. axb3 Bb5 14. Nxb5 cxb5 15. Qa2 Ng6 16. Bd2 Be7 17. Qa5 Qb7 18. Reb1 0-0 19. c4 dxc4 20. bxc4 Qc6 21. c5 Rfd8 22. Be3 Nh4 23. Nxh4 Bxh4 24. Rc1 Rd7 25. Qb6 Rc7 26. Rcb1 Qb7 27. Qxb7 Rxb7 28. c6 Rc7 29. Rxb5 Rxc6 30. d5 exd5 31. Rxd5 Be7 32. Rd7 Bb4 33. Rb7 Bf8 34. g3 Re6 35. Ra5 f6 36. exf6 Rxf6 37. Bd4 Re6 38. Kg2 Be7 39. h4 Bf6 40. Rd5 Re7 41. Rxe7 Bxe7 42. Kf3 a5 43. Rd7 Bf6 44. Bxf6 gxf6 45. h5 h6 46. Kf4 Ra6 47. Kf5 a4 48. Kg6 f5+ 49. Kxf5 a3 50. Rd1 a2 51. Ra1 Kf7 52. f4 Ra5+ 53. Ke4 Ke6 54. g4 Ra4+ 55. Ke3 Kf6 56. Kf3 Ra3+ 57. Kf2 Ra4 58. Kg3 Ra3+ 59. Kh2 Ra4 60. Kh3 Ra3+ 61. Kg2 Ra4 62. Kg3 Ra3+ 63. Kf2 Ra4 64. Kf3 Ra3+ 65. Ke4 Ra4+ 66. Ke3 Ra3+ 67. Kd2 Ra4 68. Ke3 Ra3+ 69. Ke4 Ra4+ 70. Kf3 Ra3+ 71. Kg2 Ra4 72. Kg3 Ra3+ 73. Kf2 Ra4 74. Ke3 Ra3+ 75. Kd4 Ra4+ 76. Ke3 Ra3+ 77. Kd2 Rg3 78. Ke2 Rh3 79. Rg1 Rh2+ 80. Ke3 Rb2 81. g5+ Kf5 82. Ra1 hxg5 83. fxg5 Kxg5 84. Kd3 Kxh5 85. Kc3 Rg2 86. Kb3 Kg4 87. Rxa2 Rxa2 88. Kxa2 1/2-1/2

[Event "Torre delle Stelle op 1st"]
[Site "Sinnai"]
[Date "2011.06.23"]
[Round "3"]
[White "Deruda, Leonardo"]
[Black "D'Orta, Antonio"]
[Result "1-0"]
[WhiteElo "1930"]
[BlackElo "1922"]
[PlyCount "90"]
[EventDate "2011.06.22"]
[EventType "swiss"]
[EventRounds "7"]
[EventCountry "ITA"]
[SourceTitle "EXT 2023"]
[Source "ChessBase"]
[SourceDate "2022.10.05"]
[SourceVersion "1"]
[SourceVersionDate "2022.10.05"]
[SourceQuality "1"]

1. g3 c6 2. Nf3 d5 3. Bg2 Bg4 4. h3 Bf5 5. 0-0 Nf6 6. d3 Nbd7 7. Nbd2 e5 8. Nh4 Be6 9. e4 Bc5 10. Qe2 g5 11. Nf5 Bxf5 12. exf5 Qc7 13. Kh1 0-0-0 14. c3 h5 15. b4 Bd6 16. Rb1 g4 17. h4 Rhe8 18. c4 e4 19. dxe4 dxe4 20. c5 Be5 21. Nc4 Re7 22. Rd1 Nd5 23. Bb2 Bxb2 24. Nd6+ Kb8 25. Qxb2 e3 26. fxe3 Nxe3 27. Rd3 Nxg2 28. Qxg2 Ne5 29. Rdd1 Nf3 30. Rb3 f6 31. Qf2 Re4 32. a3 Re5 33. Rbd3 Qe7 34. Rxf3 gxf3 35. Qxf3 Re3 36. Qf4 Ka8 37. Rd2 Rxa3 38. Qf2 Rg8 39. Re2 Qg7 40. Qe1 a6 41. Re8+ Ka7 42. Nc8+ Kb8 43. Nd6+ Rxe8 44. Qxe8+ Ka7 45. Nc8+ Kb8 1-0

[Event "Napoli Vomero Primavera op 6th"]
[Site "Napoli"]
[Date "2009.03.26"]
[Round "3"]
[White "Supino, Domenico"]
[Black "D'Orta, Antonio"]
[Result "0-1"]
[WhiteElo "2080"]
[BlackElo "1833"]
[PlyCount "62"]
[EventDate "2009.03.12"]
[EventType "swiss"]
[EventRounds "7"]
[EventCountry "ITA"]
[SourceTitle "EXT 2011"]
[Source "ChessBase"]
[SourceDate "2010.11.26"]
[SourceVersion "1"]
[SourceVersionDate "2010.11.26"]
[SourceQuality "1"]

1. e4 Nc6 2. Nf3 g6 3. d4 Bg7 4. Bc4 e6 5. 0-0 d5 6. exd5 exd5 7. Bb5 Nge7 8. Re1 0-0 9. c3 a6 10. Bd3 Qd6 11. Nbd2 Bg4 12. h3 Bf5 13. Nf1 Rae8 14. Ne3 Be4 15. Bxe4 dxe4 16. Ng5 Nf5 17. Nxf5 gxf5 18. h4 Ne7 19. g3 Nd5 20. Nh3 e3 21. f4 b5 22. Qf3 c5 23. Bxe3 Nxe3 24. Rxe3 cxd4 25. Rd3 Qb6 26. Kg2 dxc3 27. bxc3 Re4 28. Rad1 Rfe8 29. Ng1 Qe6 30. R1d2 Re3 31. Qf2 Qe4+ 0-1

[Event "Sant' Anna op 10th"]
[Site "Pisignano di Vernole"]
[Date "2007.08.10"]
[Round "6"]
[White "D'Orta, Antonio"]
[Black "Lazic, Miroljub"]
[Result "0-1"]
[WhiteElo "1741"]
[BlackElo "2470"]
[PlyCount "70"]
[EventDate "2007.08.07"]
[EventType "swiss"]
[EventRounds "7"]
[EventCountry "ITA"]
[SourceTitle "EXT 2009"]
[Source "ChessBase"]
[SourceDate "2008.11.26"]
[SourceVersion "1"]
[SourceVersionDate "2008.11.26"]
[SourceQuality "1"]

1. e4 e5 2. Nf3 Nc6 3. Bb5 Nge7 4. c3 a6 5. Ba4 d6 6. d4 Bd7 7. d5 Nb8 8. c4 Ng6 9. g3 Be7 10. Nc3 0-0 11. Be3 Bh3 12. Rg1 Bg4 13. Bc2 Qd7 14. h3 Bxf3 15. Qxf3 Qxh3 16. Rh1 Nh4 17. Rxh3 Nxf3+ 18. Ke2 Nd4+ 19. Kd3 Nxc2 20. Kxc2 Nd7 21. Rah1 Nf6 22. g4 h6 23. f3 Nh7 24. Ne2 Bg5 25. Bf2 Rfe8 26. Ng3 Bf4 27. Nh5 Ng5 28. Nxf4 exf4 29. Rh5 Nxf3 30. Rf5 Rxe4 31. Kd3 Rae8 32. Rh3 Re3+ 33. Bxe3 Rxe3+ 34. Kc2 Nd4+ 35. Kc1 Rxh3 0-1

[Event "Sant' Anna op 10th"]
[Site "Pisignano di Vernole"]
[Date "2007.08.10"]
[Round "5"]
[White "Parrella, Alfredo"]
[Black "D'Orta, Antonio"]
[Result "0-1"]
[WhiteElo "2137"]
[BlackElo "1741"]
[PlyCount "86"]
[EventDate "2007.08.07"]
[EventType "swiss"]
[EventRounds "7"]
[EventCountry "ITA"]
[SourceTitle "EXT 2009"]
[Source "ChessBase"]
[SourceDate "2008.11.26"]
[SourceVersion "1"]
[SourceVersionDate "2008.11.26"]
[SourceQuality "1"]

1. d4 Nc6 2. Nf3 d5 3. c4 e6 4. Nc3 Nf6 5. cxd5 exd5 6. Bf4 a6 7. e3 Bb4 8. Qb3 0-0 9. Bd3 Bg4 10. Ne5 Nxe5 11. Bxe5 Bxc3+ 12. Qxc3 c6 13. 0-0 Bh5 14. Qb4 Qd7 15. Rac1 Bg6 16. Be2 Rfe8 17. Bxf6 gxf6 18. Rc3 Rac8 19. Rfc1 Qe7 20. Qb6 Qc7 21. Qb3 Qd7 22. Qd1 Rc7 23. Qa4 Qf5 24. Qd1 Rce7 25. Qd2 Qg5 26. Bf1 Be4 27. f4 Qg4 28. h3 Qg3 29. Qf2 Qg6 30. b4 Kg7 31. a4 Bf5 32. Kh2 h5 33. h4 Kh7 34. Ra1 Rg8 35. b5 axb5 36. axb5 cxb5 37. Bxb5 Be4 38. Bf1 Qf5 39. g3 Qe6 40. Bh3 f5 41. Bf1 Qb6 42. Qe2 Kh6 43. Qb5 Qg6 0-1

[Event "Sant' Anna op 10th"]
[Site "Pisignano di Vernole"]
[Date "2007.08.08"]
[Round "2"]
[White "D'Orta, Antonio"]
[Black "Tocchioni, Doriano"]
[Result "1-0"]
[WhiteElo "1741"]
[BlackElo "2261"]
[PlyCount "101"]
[EventDate "2007.08.07"]
[EventType "swiss"]
[EventRounds "7"]
[EventCountry "ITA"]
[SourceTitle "EXT 2009"]
[Source "ChessBase"]
[SourceDate "2008.11.26"]
[SourceVersion "1"]
[SourceVersionDate "2008.11.26"]
[SourceQuality "1"]

1. e4 c6 2. Nf3 d5 3. Nc3 Nf6 4. e5 Ne4 5. Bd3 Nc5 6. Be2 d4 7. b4 dxc3 8. bxc5 cxd2+ 9. Qxd2 Qxd2+ 10. Bxd2 e6 11. Nd4 Bxc5 12. c3 Nd7 13. f4 Nb6 14. Nb3 Ba3 15. 0-0 Bd7 16. Rab1 Nd5 17. c4 Nc7 18. Be3 b6 19. Rfd1 Rd8 20. Bf3 c5 21. Rd6 Ke7 22. Rbd1 f5 23. Bf2 g5 24. fxg5 Ne8 25. R6d3 Bb2 26. Bh4 Bxe5 27. Bc6 Bxc6 28. Rxd8 Kf7 29. Rc8 Ba4 30. Rdd8 Rg8 31. Ra8 a5 32. Ra7+ Nc7 33. Rxg8 Kxg8 34. Rb7 Na6 35. Re7 Nc7 36. g6 hxg6 37. Bf6 Bd6 38. Rg7+ Kf8 39. Rh7 Ke8 40. h4 e5 41. Rg7 Ne6 42. Rxg6 Kf7 43. h5 Nf4 44. Rh6 Bf8 45. Rh8 e4 46. Be5 Nd3 47. Bc3 Nf4 48. Kf2 Ne6 49. h6 Ng5 50. h7 Ne6 51. Rxf8+ 1-0

[Event "Sant' Anna op 10th"]
[Site "Pisignano di Vernole"]
[Date "2007.08.08"]
[Round "3"]
[White "Dragojlovic, Andjelko"]
[Black "D'Orta, Antonio"]
[Result "1-0"]
[WhiteElo "2432"]
[BlackElo "1741"]
[PlyCount "78"]
[EventDate "2007.08.07"]
[EventType "swiss"]
[EventRounds "7"]
[EventCountry "ITA"]
[SourceTitle "EXT 2009"]
[Source "ChessBase"]
[SourceDate "2008.11.26"]
[SourceVersion "1"]
[SourceVersionDate "2008.11.26"]
[SourceQuality "1"]

1. e4 Nc6 2. d4 e5 3. Nf3 exd4 4. Nxd4 Bc5 5. Nb3 Bb6 6. Nc3 d6 7. Nd5 Qh4 8. Qf3 Nge7 9. Nxb6 axb6 10. g3 Qg4 11. Be2 Qh3 12. Bd2 Ne5 13. Qe3 0-0 14. f3 f5 15. f4 Ng4 16. Bxg4 Qxg4 17. 0-0 fxe4 18. Qxe4 Nc6 19. Nd4 Bd7 20. Qd5+ Kh8 21. Rae1 Nxd4 22. Qxd4 Rae8 23. Bc3 Bc6 24. f5 Qxd4+ 25. Bxd4 Kg8 26. g4 Kf7 27. Kf2 Re4 28. Rxe4 Bxe4 29. c3 g6 30. f6 g5 31. c4 c5 32. Bc3 Bd3 33. Rd1 Bxc4 34. Rxd6 Bxa2 35. Rd7+ Kg6 36. Rg7+ Kh6 37. h4 Rxf6+ 38. Bxf6 gxh4 39. g5+ Kh5 1-0

[Event "Torre del Greco op"]
[Site "Torre del Greco"]
[Date "2006.09.10"]
[Round "9"]
[White "D'Orta, Antonio"]
[Black "Malafronte, Agostino"]
[Result "0-1"]
[WhiteElo "1991"]
[BlackElo "1999"]
[PlyCount "126"]
[EventDate "2006.09.03"]
[EventType "swiss"]
[EventRounds "9"]
[EventCountry "ITA"]
[SourceTitle "EXT 2007"]
[Source "ChessBase"]
[SourceDate "2006.11.23"]
[SourceVersion "1"]
[SourceVersionDate "2006.11.23"]
[SourceQuality "1"]

1. e4 e6 2. g3 d5 3. Nc3 Nc6 4. Bg2 Nf6 5. d3 dxe4 6. Nxe4 Nxe4 7. Bxe4 g6 8. c3 Bg7 9. d4 0-0 10. Be3 e5 11. dxe5 Nxe5 12. f3 Qe7 13. Qe2 c6 14. h4 Be6 15. h5 f5 16. Bc2 Bc4 17. Bb3 Bxb3 18. axb3 Rad8 19. Bd4 Qg5 20. Rh3 Rfe8 21. Kf1 Nf7 22. Qh2 Bxd4 23. cxd4 Rxd4 24. hxg6 Qxg6 25. f4 Rd3 26. Re1 Rxe1+ 27. Kxe1 Qe6+ 28. Ne2 Re3 29. Kd2 Qe4 30. g4 Rxh3 31. Qxh3 Nd6 32. gxf5 Nxf5 33. Qg4+ Kf8 34. Qg5 Qd5+ 35. Ke1 Qe6 36. Qd8+ Kf7 37. Qh8 Kg6 38. Kf2 Qe3+ 39. Ke1 Qxb3 40. Qd8 Qe6 41. Qg5+ Kf7 42. Kf2 Qf6 43. Qh5+ Qg6 44. Qh1 h5 45. Qe4 Qe6 46. Qf3 h4 47. Qh5+ Kg7 48. Qg5+ Qg6 49. Qd8 h3 50. Qc7+ Kh6 51. Qe5 Kh5 52. Qh8+ Kg4 53. Ng1 Nh4 54. Qc3 Kh5 55. Qxh3 Qc2+ 56. Ne2 Qxb2 57. Qg3 Qb6+ 58. Ke1 Qb1+ 59. Kd2 Qg6 60. Qc3 Qd6+ 61. Ke1 Qe7 62. Qh8+ Kg4 63. Qg8+ Kf3 0-1

[Event "Torre del Greco op"]
[Site "Torre del Greco"]
[Date "2006.09.07"]
[Round "5"]
[White "Balzano, Luigi"]
[Black "D'Orta, Antonio"]
[Result "1-0"]
[WhiteElo "1781"]
[BlackElo "1991"]
[PlyCount "129"]
[EventDate "2006.09.03"]
[EventType "swiss"]
[EventRounds "9"]
[EventCountry "ITA"]
[SourceTitle "EXT 2007"]
[Source "ChessBase"]
[SourceDate "2006.11.23"]
[SourceVersion "1"]
[SourceVersionDate "2006.11.23"]
[SourceQuality "1"]

1. d4 Nc6 2. c4 e5 3. d5 Bb4+ 4. Bd2 Bxd2+ 5. Qxd2 Nd4 6. e3 Nf5 7. Nc3 d6 8. Nf3 Nf6 9. Bd3 Qe7 10. Qc2 g6 11. Nd2 c6 12. Nde4 Nxe4 13. Bxe4 c5 14. g3 Bd7 15. a4 b6 16. a5 0-0 17. a6 Ng7 18. 0-0 Ne8 19. f4 f5 20. Bg2 e4 21. Rfb1 Nc7 22. b4 cxb4 23. Rxb4 Qf6 24. Ra2 Rfc8 25. Qd2 Ne8 26. Ne2 Rc5 27. Nd4 Rac8 28. Bf1 Nc7 29. Nb3 b5 30. Nxc5 dxc5 31. Rxb5 Bxb5 32. cxb5 Na8 33. Bc4 Nb6 34. Qc1 Rd8 35. Rd2 Rd6 36. Ba2 Na4 37. Rc2 Qd8 38. Rc4 Qa5 39. Bb3 Nb6 40. Rxc5 Qb4 41. Ba2 Qa4 42. Qd2 Qa3 43. Rc7 Qa4 44. Qb2 Qd1+ 45. Kg2 Qf3+ 46. Kg1 Qxe3+ 47. Qf2 Qd3 48. Rc2 e3 49. Qe2 Qd4 50. Rc1 Rd8 51. Rd1 Qc5 52. Rd3 Re8 53. Kg2 Qxb5 54. Kf3 Qxa6 55. Rxe3 Rxe3+ 56. Kxe3 Qa3+ 57. Kf2 Qc5+ 58. Kg2 Kg7 59. Kh3 Nd7 60. Qe6 Nf8 61. Qe5+ Kh6 62. d6 Qf2 63. Bd5 Qf1+ 64. Bg2 Qb5 65. Qxb5 1-0

[Event "Torre del Greco op"]
[Site "Torre del Greco"]
[Date "2006.09.06"]
[Round "4"]
[White "D'Orta, Antonio"]
[Black "De Carlo, Fabio"]
[Result "0-1"]
[WhiteElo "1991"]
[BlackElo "1864"]
[PlyCount "124"]
[EventDate "2006.09.03"]
[EventType "swiss"]
[EventRounds "9"]
[EventCountry "ITA"]
[SourceTitle "EXT 2007"]
[Source "ChessBase"]
[SourceDate "2006.11.23"]
[SourceVersion "1"]
[SourceVersionDate "2006.11.23"]
[SourceQuality "1"]

1. e4 c5 2. g3 d5 3. Bg2 dxe4 4. Nc3 Nf6 5. Nxe4 Nxe4 6. Bxe4 Nc6 7. c3 g6 8. d4 cxd4 9. Bxc6+ bxc6 10. Qxd4 Qxd4 11. cxd4 Bg7 12. Nf3 Bb7 13. 0-0 c5 14. Ne5 cxd4 15. Re1 0-0 16. Ng4 Rfe8 17. Bg5 f6 18. Nh6+ Kf8 19. Bd2 Rac8 20. Rac1 Rxc1 21. Rxc1 Rc8 22. Kf1 Rxc1+ 23. Bxc1 Bc8 24. g4 e5 25. f3 Ke7 26. b3 Ke6 27. Kf2 Bf8 28. Bd2 Ba6 29. h4 Bd3 30. g5 f5 31. Ng8 e4 32. Nf6 Bc5 33. fxe4 fxe4 34. Be1 e3+ 35. Kf3 h6 36. Ne4 Bf8 37. gxh6 Bb1 38. h7 Bg7 39. Ng5+ Kf6 40. a3 Bc2 41. b4 Kf5 42. Nf7 Bd1+ 43. Kg2 d3 44. Nd6+ Kg4 45. Nc4 Bf3+ 46. Kh2 Kf4 47. Bg3+ Ke4 48. Be1 Kd4 49. Nd2 exd2 50. Bxd2 Kc4 51. a4 Kb3 52. Kg3 Kc2 53. Bh6 Bxh6 54. h8Q d2 55. Qxh6 Bh5 56. Qe3 d1Q 57. b5 Qg4+ 58. Kf2 Qxh4+ 59. Kg1 Qxa4 60. Qc5+ Kd3 61. b6 axb6 62. Qc1 Qd1+ 0-1